000 00733nam a2200241 a 4500
005 20240912063825.0
008 080417s2007 ag r 000 0 spa d
020 _a9789870406761
035 _aUPN01000155503
040 _aUPN
_bspa
_cUPN
049 _aI
050 4 _aPZ74.9
_bG3.2
100 1 _aGambaro, Griselda,
_d1928-
_932017
245 1 0 _aA nadar con María Inés /
_cGriselda Gambaro ; il. Roberto Cubillas.
260 _aBuenos Aires :
_bAlfaguara,
_c2007.
300 _a92 p. :
_bil.
440 0 _aAlfaguara infantil
650 4 _aCuentos infantiles argentinos
_97466
700 1 _aCubillas, Roberto,
_d1968-
_eilustrador
_946397
902 _bCarolina Alvarado/150922/M
905 _aInfantil
942 _2lcc
_cLIBRO
999 _c127618
_d127618